[Event "7. Lichtenberger Sommer"]
[Site "Berlin"]
[Date "2008.08.22"]
[Round "7.75"]
[White "Wege, Hermann"]
[Black "Wolfram, Mike"]
[Result "1-0"]
[WhiteElo "1980"]
[BlackElo "1434"]
[PlyCount "59"]
[EventDate "2008.??.??"]
[WhiteTeam "Schachclub Rathenow e.V."]
[BlackTeam "vereinslos"]

1. Nf3 Nc6 2. c4 e5 3. Nc3 Nf6 4. e4 Bc5 5. Nxe5 Nxe4 6. Nxe4 Nxe5 7. Nxc5 Qe7
8. Qe2 O-O 9. d4 d6 10. dxe5 dxc5 11. g3 Bf5 12. Bf4 Rad8 13. Qe3 Rd4 14. Bg2
h6 15. h4 Rfd8 16. O-O Bd3 17. Rfe1 Bxc4 18. Bf1 Bd5 19. Qc3 g5 20. hxg5 hxg5
21. Be3 f5 22. Bxd4 cxd4 23. Qd3 Qh7 24. Bg2 g4 25. Bxd5+ Rxd5 26. e6 Kf8 27.
Qa3+ c5 28. e7+ Ke8 29. Qa4+ Rd7 30. Qxd7+ 1-0

[Event "7. Lichtenberger Sommer"]
[Site "Berlin"]
[Date "2008.08.22"]
[Round "7.76"]
[White "Würsig, Mathias"]
[Black "Schweitzer, Paul"]
[Result "0-1"]
[WhiteElo "1487"]
[BlackElo "1829"]
[PlyCount "106"]
[EventDate "2008.??.??"]
[WhiteTeam "SV Blau-Gelb 1899 Hosena e.V."]
[BlackTeam "SV Königsjäger Süd-West e.V."]

1. e4 c6 2. d4 Nf6 3. Nc3 e6 4. Bd3 Bb4 5. Bd2 O-O 6. Nf3 Bxc3 7. Bxc3 d5 8. e5
Ne4 9. O-O Nd7 10. Bd2 b5 11. Qe2 f5 12. b3 Bb7 13. c4 a6 14. Bb4 Rf7 15. c5 h6
16. Bd2 g5 17. Ne1 Qf8 18. Bxe4 fxe4 19. Qh5 Qg7 20. Nc2 Raf8 21. Ne3 Rf4 22.
Ng4 Kh7 23. Bxf4 Rxf4 24. h3 a5 25. Qe8 Qf7 26. Qd8 a4 27. bxa4 bxa4 28. Qa5
Kg6 29. Rab1 Nf8 30. Qb6 Bc8 31. Qxc6 Bd7 32. Qc7 h5 33. Nf6 g4 34. g3 Rf3 35.
h4 e3 36. Rbe1 exf2+ 37. Rxf2 Rxg3+ 38. Rg2 Rf3 39. Rf1 Rxf1+ 40. Kxf1 Bb5+ 41.
Kg1 Qxc7 42. Rf2 Qa5 43. Kg2 Qc3 44. Ng8 Qh3+ 45. Kg1 g3 46. Ne7+ Kg7 47. Rg2
Qxh4 48. Nc8 Qxd4+ 49. Kh1 h4 50. Nd6 Bd3 51. c6 Be4 52. Ne8+ Kg6 53. c7 Qd1#
0-1

[Event "7. Lichtenberger Sommer"]
[Site "Berlin"]
[Date "2008.08.22"]
[Round "7.77"]
[White "Engelhardt, Erhard"]
[Black "Richter, Dirk"]
[Result "1/2-1/2"]
[WhiteElo "1820"]
[BlackElo "1486"]
[PlyCount "46"]
[EventDate "2008.??.??"]
[WhiteTeam "SSV Rotation Berlin e.V."]
[BlackTeam "SG Lok Brandenburg, Abt. Schach"]

1. Nc3 d5 2. e4 Nf6 3. exd5 Nxd5 4. Qf3 e6 5. Bc4 Nb6 6. Bb3 Nc6 7. Qe3 Nd4 8.
Ne4 Nxb3 9. Qxb3 Be7 10. Nf3 Qd5 11. Qe3 Bd7 12. d3 Bc6 13. O-O Qf5 14. Nd4 Qd5
15. c4 Nxc4 16. dxc4 Qxe4 17. Nxc6 Qxc6 18. b3 Bf6 19. Rb1 O-O 20. Bb2 Bxb2 21.
Rxb2 Rfd8 22. Rd2 Rd6 23. Rfd1 b6 1/2-1/2

[Event "7. Lichtenberger Sommer"]
[Site "Berlin"]
[Date "2008.08.22"]
[Round "7.78"]
[White "Schröder, Gert"]
[Black "Sawlin, Leonid"]
[Result "0-1"]
[WhiteElo "1079"]
[BlackElo "1872"]
[PlyCount "56"]
[EventDate "2008.??.??"]
[WhiteTeam "SV Königsjäger Süd-West e.V."]
[BlackTeam "TuS Makkabi Berlin e.V."]

1. d4 c5 2. Nf3 g6 3. e4 Bg7 4. Bc4 d6 5. c3 Nd7 6. Ng5 Nh6 7. Be3 Nb6 8. Be2
Nd7 9. Bb5 b6 10. Bxd7+ Bxd7 11. O-O Ng4 12. Bf4 e5 13. Be3 Nxe3 14. fxe3 Qxg5
15. Rf3 O-O 16. Rg3 Qh4 17. Nd2 exd4 18. cxd4 cxd4 19. Nf3 Qxe4 20. Nd2 Qe7 21.
Nc4 Rac8 22. Rc1 d5 23. b3 dxc4 24. bxc4 dxe3 25. Qe2 Qe4 26. Kh1 Rfe8 27. h4
Qe5 28. Re1 Qxg3 0-1

[Event "7. Lichtenberger Sommer"]
[Site "Berlin"]
[Date "2008.08.22"]
[Round "7.79"]
[White "Ollek, Karl-Heinz"]
[Black "Pixa, Richard"]
[Result "0-1"]
[WhiteElo "1861"]
[BlackElo "1381"]
[PlyCount "157"]
[EventDate "2008.??.??"]
[WhiteTeam "SC Friesen Lichtenberg e.V."]
[BlackTeam "Treptower SV 1949 e.V."]

1. Nf3 d5 2. g3 Nf6 3. Bg2 Bf5 4. d3 e6 5. Nbd2 Be7 6. b3 c5 7. O-O O-O 8. Re1
Nc6 9. Bb2 b5 10. Nh4 Bg6 11. Nxg6 hxg6 12. e4 dxe4 13. Nxe4 Qb6 14. Ng5 Rad8
15. Qe2 Nd4 16. Bxd4 cxd4 17. a3 a5 18. h4 Rc8 19. Bh3 Rc6 20. Nxe6 fxe6 21.
Bxe6+ Kh7 22. Bd7 Nxd7 23. Qxe7 Qd8 24. Qe2 Qc7 25. Rac1 Nf6 26. f4 Rc8 27. Qe5
Qxe5 28. fxe5 Nd7 29. e6 Nf6 30. Re5 Rc5 31. Rce1 Kg8 32. b4 axb4 33. axb4 Rd5
34. Rxd5 Nxd5 35. Re4 Nc3 36. Re5 Re8 37. Kg2 Kf8 38. Kf3 Ke7 39. Kg4 Kf6 40.
Re1 Rxe6 41. Rf1+ Ke7 42. Kg5 Nd5 43. Ra1 Rc6 44. Ra7+ Nc7 45. Ra2 Ra6 46. Ra5
Kf7 47. Kf4 Rc6 48. Ke5 Rxc2 49. Ra7 Ke7 50. Kxd4 Kd7 51. Ke4 Rb2 52. Kf4 Rxb4+
53. Kg5 Rb3 54. g4 Rxd3 55. Kxg6 Rd4 56. g5 Rxh4 57. Kxg7 b4 58. Ra1 Ne6+ 59.
Kg6 b3 60. Ra7+ Kc8 61. Ra6 Kd7 62. Rb6 Rh3 63. Kf5 Nxg5 64. Kxg5 Kc7 65. Rb4
Kc6 66. Kg4 Kc5 67. Rb8 Rd3 68. Kf4 Kd4 69. Rb7 Kc3 70. Ke4 Rd1 71. Rc7+ Kb2
72. Ke3 Kb1 73. Rb7 b2 74. Ke2 Rd5 75. Rc7 Ka2 76. Ra7+ Kb3 77. Rb7+ Ka3 78.
Ra7+ Kb4 79. Rb7+ 0-1

[Event "7. Lichtenberger Sommer"]
[Site "Berlin"]
[Date "2008.08.22"]
[Round "7.80"]
[White "Boeck, Rüdiger"]
[Black "Möller, Dirk"]
[Result "1-0"]
[WhiteElo "1605"]
[BlackElo "1575"]
[PlyCount "99"]
[EventDate "2008.??.??"]
[WhiteTeam "SC Weisse Dame Ulm e.V."]
[BlackTeam "SC Kreuzberg e.V."]

1. e4 c5 2. Nf3 d6 3. d4 cxd4 4. Nxd4 a6 5. Nc3 Nf6 6. Bg5 e6 7. f4 h6 8. Bh4
e5 9. fxe5 dxe5 10. Nf3 Qa5 11. Bxf6 gxf6 12. a3 Nc6 13. Be2 f5 14. b4 Qd8 15.
Qxd8+ Kxd8 16. O-O-O+ Ke8 17. Nd5 Ra7 18. exf5 Bxf5 19. Rhf1 Bg6 20. Nh4 b5 21.
Nxg6 fxg6 22. Rf6 Nd4 23. Bd3 g5 24. Re1 Kd8 25. Rxe5 Bg7 26. Rd6+ Rd7 27.
Rxd7+ Kxd7 28. Re7+ Kd6 29. Rxg7 Kxd5 30. Rg6 Ne6 31. Be4+ Ke5 32. Bb7 h5 33.
g3 Kf5 34. Be4+ Ke5 35. Bd3 h4 36. g4 Rc8 37. Bf5 Rc6 38. Bxe6 Rxe6 39. Rxg5+
Kf4 40. Rg8 Re2 41. g5 Rxh2 42. g6 Rg2 43. g7 h3 44. Rf8+ Ke3 45. g8=Q Rxg8 46.
Rxg8 Kf2 47. Rh8 Kg2 48. a4 bxa4 49. c4 h2 50. c5 1-0

[Event "7. Lichtenberger Sommer"]
[Site "Berlin"]
[Date "2008.08.22"]
[Round "7.81"]
[White "Gabriel, Liem Than"]
[Black "Schneider, Eckehard"]
[Result "1-0"]
[WhiteElo "1250"]
[BlackElo "1802"]
[PlyCount "69"]
[EventDate "2008.??.??"]
[WhiteTeam "Treptower SV 1949 e.V."]
[BlackTeam "Sfrd. Berlin 1903 e.V."]

1. e4 e6 2. d4 d5 3. exd5 exd5 4. Bd3 Bd6 5. c3 c6 6. Nf3 Nf6 7. Bg5 O-O 8. O-O
h6 9. Bh4 Be6 10. Nbd2 Nbd7 11. Re1 Qb6 12. Qc2 c5 13. dxc5 Bxc5 14. Bg3 Rac8
15. Rac1 Rc6 16. Nb3 Re8 17. Nxc5 Nxc5 18. Be5 Nxd3 19. Qxd3 Ne4 20. Qc2 Bg4
21. Bd4 Qc7 22. Ne5 Bf5 23. Nxc6 Qxc6 24. Qe2 Qg6 25. f3 Nd6 26. Qf2 a6 27.
Rxe8+ Nxe8 28. Re1 Nf6 29. Qg3 Nh5 30. Qxg6 Bxg6 31. Re5 Nf4 32. g3 Nd3 33.
Rxd5 Nxb2 34. Rd7 b5 35. Ra7 1-0

[Event "7. Lichtenberger Sommer"]
[Site "Berlin"]
[Date "2008.08.22"]
[Round "7.82"]
[White "Prix, Siegfried"]
[Black "Mako, Atila"]
[Result "1-0"]
[WhiteElo "1761"]
[BlackElo "1794"]
[PlyCount "73"]
[EventDate "2008.??.??"]
[WhiteTeam "Sfrd. Berlin 1903 e.V."]
[BlackTeam "BSC Rehberge 1945 e.V."]

1. e4 e5 2. Nf3 d6 3. d4 g6 4. dxe5 Bg4 5. exd6 Bxd6 6. Nc3 Ne7 7. Bc4 Qd7 8.
O-O Nbc6 9. Bg5 O-O-O 10. Nd5 Ne5 11. Nxe5 Bxd1 12. Nxd7 Rxd7 13. Raxd1 Nxd5
14. Bxd5 Kb8 15. g3 Be5 16. c3 f6 17. Be3 a5 18. Bb3 Rg7 19. f4 Bd6 20. Bd4 Rf8
21. e5 fxe5 22. fxe5 Rxf1+ 23. Rxf1 Be7 24. e6 Rg8 25. Rf7 Bd6 26. Rxh7 Re8 27.
Rh8 Rxh8 28. Bxh8 Be7 29. Be5 Kc8 30. Kf2 g5 31. Kf3 c5 32. a4 b6 33. Bd5 Kd8
34. Bc6 c4 35. Ke4 g4 36. Kf5 b5 37. Bxb5 1-0

[Event "7. Lichtenberger Sommer"]
[Site "Berlin"]
[Date "2008.08.22"]
[Round "7.83"]
[White "Winz, Michael"]
[Black "Schönemann, Manfred"]
[Result "0-1"]
[WhiteElo "1711"]
[BlackElo "1807"]
[PlyCount "80"]
[EventDate "2008.??.??"]
[WhiteTeam "SC Friesen Lichtenberg e.V."]
[BlackTeam "SV Turbine Berlin e.V."]

1. d4 Nf6 2. c4 c5 3. d5 e6 4. Nc3 exd5 5. cxd5 d6 6. e4 g6 7. Bd3 Bg7 8. Nge2
O-O 9. O-O a6 10. a4 Qc7 11. h3 Nbd7 12. Bf4 Re8 13. Rc1 Rb8 14. Qd2 Ne5 15.
Bxe5 Rxe5 16. f4 Re8 17. Ng3 c4 18. Nce2 Qb6+ 19. Kh2 cxd3 20. Qxd3 Nd7 21. f5
Qxb2 22. fxg6 hxg6 23. Qe3 b6 24. Qf4 Qf6 25. Qd2 Qe5 26. Rc7 Rf8 27. Rc4 a5
28. Qc2 Nc5 29. Qb1 Ba6 30. Rc2 Bd3 31. Qd1 Bxc2 32. Qxc2 Qb2 33. Qd1 Be5 34.
Rf2 Nxe4 35. Rf3 Bxg3+ 36. Nxg3 Nxg3 37. Rxg3 Qe5 38. Qf3 Rfc8 39. Qg4 Rc3 40.
h4 Qxg3+ 0-1

[Event "7. Lichtenberger Sommer"]
[Site "Berlin"]
[Date "2008.08.22"]
[Round "7.84"]
[White "Apel, Wolfgang"]
[Black "Thonig, Manfred"]
[Result "1/2-1/2"]
[WhiteElo "1786"]
[BlackElo "1728"]
[PlyCount "129"]
[EventDate "2008.??.??"]
[WhiteTeam "SV Berolina Mitte e.V."]
[BlackTeam "SC Starnberg"]

1. c4 f5 2. Nc3 Nf6 3. d4 e6 4. g3 Bb4 5. Bg2 O-O 6. Nh3 d5 7. cxd5 exd5 8. O-O
c6 9. f3 Re8 10. Nf2 b6 11. e4 fxe4 12. fxe4 Bxc3 13. bxc3 dxe4 14. Qe2 Ba6 15.
c4 Qxd4 16. Bb2 Qxc4 17. Qxc4+ Bxc4 18. Rfe1 Bd5 19. Bxf6 gxf6 20. Nxe4 Kg7 21.
a4 Na6 22. Nd6 Rxe1+ 23. Rxe1 Bxg2 24. Kxg2 Nc5 25. a5 Nd3 26. Rd1 Ne5 27. a6
Kg6 28. Ne4 Nc4 29. Kf3 c5 30. Kf4 h5 31. Rd7 f5 32. Nc3 Kf6 33. Nb5 Ke6 34.
Rxa7 Rxa7 35. Nxa7 Kd6 36. Nb5+ Kc6 37. a7 Kb7 38. Kxf5 Na5 39. h3 Nc6 40. g4
c4 41. g5 Nxa7 42. Nd6+ Kc6 43. Nxc4 b5 44. Ne5+ Kd6 45. g6 Nc8 46. Kf6 Ne7 47.
Nd3 Ng8+ 48. Kg7 Ne7 49. Kf7 h4 50. Kf6 Nd5+ 51. Kf7 Ne7 52. g7 Nf5 53. Kf6 Ne7
54. Nb4 Ng8+ 55. Kf7 Nh6+ 56. Kg6 Ng8 57. Kf7 Nh6+ 58. Kf8 Kc5 59. Nc2 b4 60.
Nxb4 Kxb4 61. g8=Q Nxg8 62. Kxg8 Kc4 63. Kg7 Kd4 64. Kg6 Ke4 65. Kg5 1/2-1/2

[Event "7. Lichtenberger Sommer"]
[Site "Berlin"]
[Date "2008.08.22"]
[Round "7.85"]
[White "Glöß, Henrik"]
[Black "Udet, Fabian"]
[Result "1-0"]
[WhiteElo "1419"]
[BlackElo "1560"]
[PlyCount "157"]
[EventDate "2008.??.??"]
[WhiteTeam "Sfr.Nord-Ost Berlin"]
[BlackTeam "1. Schachclub Anhalt"]

1. d4 d5 2. Nf3 Nc6 3. c4 Bg4 4. e3 e5 5. Be2 e4 6. Nfd2 Bxe2 7. Qxe2 Nb4 8.
Qd1 Nd3+ 9. Ke2 Nf6 10. h3 Be7 11. cxd5 Nxd5 12. Nxe4 Nxc1+ 13. Qxc1 c6 14.
Nec3 f5 15. Nd2 Nf6 16. Nf3 Qd7 17. Qc2 Qe6 18. Rhe1 Ne4 19. Kf1 Qc4+ 20. Qe2
Qb4 21. Nxe4 fxe4 22. Ne5 O-O 23. Qc4+ Qxc4+ 24. Nxc4 Rf6 25. Nd2 Re6 26. a3
Rd8 27. b4 b6 28. Rac1 c5 29. bxc5 bxc5 30. Nb3 cxd4 31. Nxd4 Ra6 32. Nc6 Re8
33. Nxe7+ Rxe7 34. Ra1 Rd7 35. Ra2 Rd3 36. a4 Rd5 37. Rc1 Kf7 38. Rc4 Re5 39.
g4 g6 40. Kg2 g5 41. Kg3 Kg6 42. Rd2 Re7 43. Rdd4 Rae6 44. a5 h6 45. Ra4 Kf6
46. a6 Kg6 47. Rdb4 Kf6 48. Rb7 Kf7 49. Rxe7+ Rxe7 50. f3 exf3 51. Kxf3 Re6 52.
e4 Kf6 53. Ke3 Rd6 54. Ra5 Ke6 55. Ra4 Ke5 56. Ra5+ Ke6 57. Kf3 Rd3+ 58. Kg2
Re3 59. Rc5 Rxe4 60. Rc6+ Kd5 61. Rxh6 Re7 62. Rg6 Re5 63. Rg7 Kc6 64. Rxa7 Kb6
65. Ra8 Ra5 66. Kf3 Ra3+ 67. Ke4 Ra5 68. Rd8 Ra4+ 69. Rd4 Ra5 70. Rd5 Ra4+ 71.
Kf5 Ra3 72. Rd6+ Kc7 73. Re6 Rxh3 74. Kxg5 Ra3 75. Kg6 Kd7 76. Rf6 Kc7 77. g5
Ra5 78. a7 Kd8 79. Rf7 1-0

[Event "7. Lichtenberger Sommer"]
[Site "Berlin"]
[Date "2008.08.22"]
[Round "7.86"]
[White "Bauer, Stefan"]
[Black "Pöltelt, Helmut"]
[Result "0-1"]
[WhiteElo "1816"]
[BlackElo "1545"]
[PlyCount "82"]
[EventDate "2008.??.??"]
[WhiteTeam "SC Kreuzberg e.V."]
[BlackTeam "SC Eintracht Berlin e.V."]

1. Nf3 f5 2. d4 e6 3. c4 Nf6 4. Nc3 d6 5. Bg5 Be7 6. e3 Nbd7 7. Be2 O-O 8. O-O
h6 9. Bh4 a6 10. h3 b6 11. Qc2 Bb7 12. Rad1 Ne4 13. Bxe7 Qxe7 14. d5 Nxc3 15.
Qxc3 e5 16. g3 Rf6 17. Kh2 Raf8 18. Rde1 Bc8 19. Nh4 Qf7 20. f4 e4 21. b4 g5
22. Ng2 Qg6 23. Qc1 R6f7 24. Qd1 Nf6 25. Rh1 Rg7 26. g4 fxg4 27. hxg4 gxf4 28.
Nxf4 Qg5 29. Kg3 h5 30. Rh4 hxg4 31. Reh1 Rh7 32. Rxh7 Nxh7 33. Qg1 Rf7 34. Rh5
Qg7 35. Qh2 Qc3 36. Qg1 Rg7 37. Rh6 Ng5 38. Kh4 Nf3+ 39. Bxf3 gxf3 40. Qf2 Rg4+
41. Kh5 Qe5# 0-1

[Event "7. Lichtenberger Sommer"]
[Site "Berlin"]
[Date "2008.08.22"]
[Round "7.87"]
[White "Junghänel, Dieter"]
[Black "Paris, Gerhard"]
[Result "0-1"]
[WhiteElo "1755"]
[BlackElo "1696"]
[PlyCount "61"]
[EventDate "2008.??.??"]
[WhiteTeam "SV Motor Wildau e.V."]
[BlackTeam "TSG Oberschöneweide e.V."]

1. e4 e5 2. d4 exd4 3. c3 d6 4. Qa4+ Bd7 5. Qxd4 Nc6 6. Qd1 Nf6 7. Bg5 Be7 8.
Bxf6 Bxf6 9. Nd2 O-O 10. Ngf3 Re8 11. Bd3 Ne5 12. Nxe5 Bxe5 13. Qc2 Be6 14. g3
d5 15. f4 Bd6 16. e5 Bf8 17. f5 Bc8 18. Nf3 c5 19. O-O-O b6 20. Rhe1 d4 21. Bc4
Bb7 22. Bxf7+ Kxf7 23. e6+ Kg8 24. Ne5 Qg5+ 25. Kb1 Qf6 26. Nd7 Qe7 27. Qf2 Kh8
28. Nxf8 Rxf8 29. g4 Rad8 30. cxd4 Rxd4 31. Qxd4 0-1

[Event "7. Lichtenberger Sommer"]
[Site "Berlin"]
[Date "2008.08.22"]
[Round "7.88"]
[White "Kitzler, Gerhard"]
[Black "Mahler, Sonja"]
[Result "0-1"]
[WhiteElo "1059"]
[BlackElo "1496"]
[PlyCount "72"]
[EventDate "2008.??.??"]
[WhiteTeam "SK 1858 Gießen"]
[BlackTeam "SC Kreuzberg e.V."]

1. e4 e5 2. f4 d6 3. f5 Qh4+ 4. Ke2 Qxe4+ 5. Kf2 Qxf5+ 6. Qf3 Qxc2 7. Na3 Qa4
8. Bb5+ Qxb5 9. Nxb5 Na6 10. Ne2 Nf6 11. h3 c6 12. Nbc3 d5 13. Rf1 Bd6 14. d4
e4 15. Qe3 h6 16. a3 b5 17. b4 g5 18. Kg1 Nh7 19. Nxe4 Be7 20. Nd6+ Kd7 21.
Nxf7 Re8 22. Qg3 Nf8 23. Ne5+ Kc7 24. Rf7 Kb6 25. Bb2 Be6 26. Rf2 Rad8 27. Qc3
Nb8 28. a4 Rc8 29. axb5 Kb7 30. Qa3 Rc7 31. Qxa7+ Kc8 32. Qa8 cxb5 33. Nd3 Nfd7
34. Nc5 Nb6 35. Qa5 Rc6 36. Qxb5 Bd8 0-1

[Event "7. Lichtenberger Sommer"]
[Site "Berlin"]
[Date "2008.08.22"]
[Round "7.89"]
[White "Wierzbicki, Jirawat"]
[Black "Heyne, Klaus"]
[Result "0-1"]
[WhiteElo "734"]
[BlackElo "1160"]
[PlyCount "38"]
[EventDate "2008.??.??"]
[WhiteTeam "Schachpinguine Berlin"]
[BlackTeam "SC Rotation Pankow e.V."]

1. e4 c5 2. Nf3 Nc6 3. Bb5 a6 4. Bxc6 bxc6 5. O-O d6 6. d3 h6 7. Be3 Nf6 8. Nc3
e5 9. Qd2 Rb8 10. Rab1 Be6 11. Rfe1 Be7 12. Re2 Bg4 13. h3 Bxf3 14. gxf3 Qd7
15. Ree1 Qxh3 16. Qe2 Rg8 17. b3 g5 18. a3 g4 19. Qf1 gxf3+ 0-1

[Event "7. Lichtenberger Sommer"]
[Site "Berlin"]
[Date "2008.08.22"]
[Round "7.90"]
[White "Berg, Gerd"]
[Black "Bauerfeind, Lars"]
[Result "1-0"]
[WhiteElo "1717"]
[BlackElo "1289"]
[PlyCount "89"]
[EventDate "2008.??.??"]
[WhiteTeam "SK König Tegel 1949 e.V."]
[BlackTeam "SV Motor Eberswalde e.V."]

1. c4 e5 2. Nc3 Nc6 3. a3 Nf6 4. d3 Be7 5. Nf3 d6 6. g3 O-O 7. Bg2 Be6 8. O-O
Qd7 9. b4 a6 10. Bb2 Rfb8 11. Rc1 Bh3 12. Nd5 Bxg2 13. Nxf6+ Bxf6 14. Kxg2 Qe6
15. Qc2 Re8 16. e4 Rec8 17. Qe2 Qd7 18. Rc2 h6 19. h3 b5 20. Rfc1 bxc4 21. Rxc4
Ne7 22. Qc2 Ra7 23. Nh2 Ng6 24. Qe2 Bg5 25. R1c2 a5 26. Qg4 Qxg4 27. Nxg4 Be7
28. Ne3 f6 29. Nd5 Bd8 30. Bc1 axb4 31. Nxb4 Kf8 32. Nc6 Rb7 33. Nxd8 Rxd8 34.
Rxc7 Rb3 35. Ra7 Rxd3 36. Rcc7 Rd1 37. Be3 Rb1 38. Rxg7 Nh8 39. Bxh6 Nf7 40.
Rgxf7+ Kg8 41. Rxf6 Rdb8 42. Rg6+ Kh8 43. Rgg7 Rc8 44. Rh7+ Kg8 45. Bg5 1-0

[Event "7. Lichtenberger Sommer"]
[Site "Berlin"]
[Date "2008.08.22"]
[Round "7.91"]
[White "Lippianowski, Stefan"]
[Black "Jansen, Robert"]
[Result "0-1"]
[WhiteElo "953"]
[BlackElo "1274"]
[PlyCount "60"]
[EventDate "2008.??.??"]
[WhiteTeam "Treptower SV 1949 e.V."]
[BlackTeam "SK Gilette"]

1. e4 e5 2. Nf3 Nc6 3. Nc3 a6 4. Bc4 h6 5. d3 d6 6. h3 Nce7 7. Nd2 Nf6 8. Qf3
c6 9. a4 d5 10. exd5 cxd5 11. Bb3 Be6 12. Ne2 Ng6 13. c4 Rb8 14. O-O Bd6 15.
Bc2 Nh4 16. Qg3 Nh5 17. Qe3 d4 18. Qe4 f5 19. Nxd4 fxe4 20. Nxe6 Qe7 21. Bd1
Nf4 22. Nxf4 exf4 23. Nxe4 O-O 24. Re1 f3 25. Bxf3 Nxf3+ 26. gxf3 Rxf3 27. Kg2
Rbf8 28. Re3 Qe5 29. Bd2 Qh2+ 30. Kf1 Rxf2+ 0-1